Famous Rivals Quiz Stats

 Plays Quiz Updated Jul 26, 2013

Challenge
Share
Tweet
Score 0/24 Timer 05:00
0 Plays Today
% Correct
Pepsi Co.
99%
The Joker
98.9%
Red Sox
97.8%
Tom
94.8%
Liverpool
94.6%
Muhammad Ali
90.5%
Rafael Nadal
90%
Bruins
85.8%
The Federation
82.7%
Empire
82.2%
Thomas Edison
82.2%
Sherlock Holmes
81.4%
% Correct
Agent Smith
80.1%
Joseph Stalin
78.8%
George Washington
77.5%
Alexander Hamilton
72.1%
Lannisters
71.7%
Stephen Douglas
68.1%
James Bond
64.4%
Duke of Wellington
61.4%
Erik Lehnsherr
58.7%
Alexander the Great
51.6%
Richard I of England
38.8%
Charles XII
34.9%

You're not logged in!

Compare scores with friends on all Sporcle quizzes.
Join for Free
OR
Log In

You Might Also Like...

Show Comments

Extras

Top Quizzes Today


Score Distribution

Your Account Isn't Verified!

In order to create a playlist on Sporcle, you need to verify the email address you used during registration. Go to your Sporcle Settings to finish the process.

Report this User

Report this user for behavior that violates our Community Guidelines.

Details: